The Center of Gravity of the Human Body As Related to the Equipment of the German Infantry /

Estudio sobre los centros de gravedad de varias partes del cuerpo humano elaborado por el anatomista alemán Christian Wilhelm Braune (1831-1892) y el fisiólogo y matemático alemán Otto Fischer (1861-1916).

Uloženo v:
Podrobná bibliografie
Hlavní autor: Braune, Christian Wilhelm (autor)
Další autoři: Fischer, Otto (autor) (autor)
Médium: Kniha
Jazyk:angličtina
Vydáno: EUA : Sagwan, fecha no identificada
Edice:(Scholar Select)
Témata:
Tagy: Přidat tag
Žádné tagy, Buďte první, kdo vytvoří štítek k tomuto záznamu!

MARC

LEADER 00000nam^a2200000^a^4500
001 000414578
005 20250521000000.0
009 20260310122235.711
037 |a Acervo ITESO - Biblioteca 
041 |a ING 
082 |a 612. 76  |b BRA 
100 |a Braune, Christian Wilhelm  |e (autor) 
245 1 4 |a The Center of Gravity of the Human Body As Related to the Equipment of the German Infantry /  |c C.W. Braune, O. Fischer. 
264 4 |a EUA :  |b Sagwan,  |c fecha no identificada 
300 |a 130 p. 
336 |a texto  |b txt  |2 rdacontenido 
337 |a sin mediación  |b n  |2 rdamedio 
338 |a volumen  |b nc  |2 rdasoporte 
440 1 |a (Scholar Select) 
520 |a Estudio sobre los centros de gravedad de varias partes del cuerpo humano elaborado por el anatomista alemán Christian Wilhelm Braune (1831-1892) y el fisiólogo y matemático alemán Otto Fischer (1861-1916). 
534 |a Reproducción facsimilar de la edición original de 1889, publicada en Leipzig, Alemania por S. Hirtel 
649 |a XX 
650 |a Centro de Gravedad 
650 |a Cuerpo Humano 
650 |a Mecánica Humana -  |x Tema Principal 
650 |a Fisiología Humana 
650 |a Biomecánica 
700 |a Fischer, Otto  |e (autor) 
910 |a Fondo General 
920 |a Impresos - Libros 
930 |a Colección General 
905 |a 101 
901 |a 0500324025  |b IT1  |c ACC  |i C167733  |u 20250521 
902 |a https://opac.biblio.iteso.mx/vufind/Record/000414578